| 000 | 00611nam a22001937a 4500 | ||
|---|---|---|---|
| 008 | 161003b xxu||||| |||| 00| 0 eng d | ||
| 020 | _a053881585X | ||
| 050 | _aHD 31 .S57 1993 | ||
| 100 | _aDuBrin, Andrew J. | ||
| 245 |
_aManagement and Organization/ _cAndrew J. DuBrin and R. Duane Ireland |
||
| 250 | _a2nd ed. | ||
| 260 |
_aCincinnati: _bSouth-Western Publishing Co.: _c1993 |
||
| 300 |
_axxx, 672p. : _bill. ; |
||
| 500 | _aIncludes references and index. | ||
| 650 | _aManagement | ||
| 650 | _aOrganization | ||
| 700 | _aIreland, R. Duane | ||
| 942 |
_2lcc _cBOOKS _hHD 31 .S57 1993 _01 |
||
| 999 |
_c14479 _d14479 |
||